000 00587nam a22002177a 4500
003 UA-OsUOA
001 46560
007 ta
008 20070703b un ||||| |||| 00| 0 ukr d
100 _aКорнійчук О.
090 _a908
_bК-11
942 _cSA
040 _aUA-OsUOA
_bukr
_cUA-OsUOA
_dUA-OsUOA
245 _aВ Острозі Віктор Ющенко презентував програму соціальних ініціатив
300 _aС.1
955 _a0
041 _aukr
080 _a908
773 0 _w46559
650 7 _a908 Краєзнавство
_2UDC
999 _c332652
_d332652